| 000 | 01053nam a2200265 a 4500 | ||
|---|---|---|---|
| 005 | 20200104041523.0 | ||
| 008 | 140120b1998 ck ||||| |||| 00| 0 spa d | ||
| 041 | _aspa | ||
| 090 |
_aIAvH _b00049 |
||
| 100 |
_aFandiño, María Claudia _94213 |
||
| 110 |
_9204 _aInstituto de Investigación de Recursos Biológicos Alexander von Humboldt _bInstituto de Investigación de Recursos Biológicos Alexander von Humboldt |
||
| 245 |
_aColombia biodiversidad siglo XXI _bpropuesta técnica para la formulación de un plan de acción nacional en biodiversidad |
||
| 260 |
_aBogotá _bInstituto Alexander von Humboldt _bMinambiente _bDNP _c1998 |
||
| 300 | _a254 p. | ||
| 650 |
_aBiodiversidad _992204 |
||
| 650 |
_aPlan de acción _9939 |
||
| 650 |
_aPérdida de biodiversidad _9342 |
||
| 650 |
_aConocimiento tradicional _992244 |
||
| 650 |
_aCaracterización biológica _92833 |
||
| 650 |
_aConservación de biodiversidad _9345 |
||
| 650 |
_aUso de biodiversidad _9343 |
||
| 662 | _aColombia | ||
| 700 |
_aFerreira Maani, Paola _94214 |
||
| 942 |
_cCD-ROM _2z |
||
| 999 |
_c1685 _d1685 |
||